| 000 | 00462nam a2200133Ia 4500 | ||
|---|---|---|---|
| 008 | 260210s9999 xx 000 0 und d | ||
| 024 | _a17B-025-TE, 17B-030-TE, 17B-040-TE & 17B-119-EE | ||
| 082 | _a616.9 REH | ||
| 100 | _aAyesha Rehman, Hafiza Atika Tariq, Arooba Saleem & Syed Yousaf Ali | ||
| 245 | 0 | _aReadable artificial eye | |
| 260 |
_aKarachi: _bUITU, _c2017 |
||
| 600 | _aTelecommunication Engineering | ||
| 650 | _aBachelor of Engineering (BE) | ||
| 999 |
_c33602 _d33602 |
||